[Event "Gothenburg op"]
[Site "Gothenburg"]
[Date "2022.08.13"]
[Round "5"]
[White "Andreasson, Henrik"]
[Black "Sundin, Sven Ingvar"]
[Result "0-1"]
[WhiteElo "1126"]
[BlackElo "1637"]
[PlyCount "68"]
[EventDate "2022.08.12"]
[EventType "swiss"]
[EventRounds "8"]
[EventCountry "SWE"]
[SourceTitle "CBM 209 Extra"]
[Source "ChessBase"]
[SourceDate "2022.09.30"]
[SourceVersion "1"]
[SourceVersionDate "2022.09.30"]
[SourceQuality "1"]

1. d4 d5 2. c4 c6 3. Nf3 dxc4 4. e3 b5 5. b3 a5 6. bxc4 b4 7. a3 bxa3 8. Bxa3 Nf6 9. Nc3 g6 10. Bd3 Bg7 11. h3 0-0 12. 0-0 Re8 13. Qb3 Qc7 14. Ne5 Nbd7 15. Nf3 e5 16. Bc2 exd4 17. exd4 Nb6 18. Ng5 Be6 19. Nxe6 Rxe6 20. Rfe1 Rb8 21. Rxe6 fxe6 22. Rb1 Nfd7 23. c5 Nd5 24. Qc4 Kf7 25. Nxd5 exd5 26. Qd3 Rxb1+ 27. Bxb1 Qf4 28. Bb2 Nxc5 29. dxc5 Bxb2 30. Bc2 Bd4 31. Qe2 Bxc5 32. g3 Qxg3+ 33. Kf1 Qxh3+ 34. Ke1 Bb4+ 0-1

[Event "Gothenburg op"]
[Site "Gothenburg"]
[Date "2022.08.12"]
[Round "4"]
[White "Shchetinin, Oleg"]
[Black "Andreasson, Henrik"]
[Result "1-0"]
[WhiteElo "1643"]
[BlackElo "1126"]
[PlyCount "93"]
[EventDate "2022.08.12"]
[EventType "swiss"]
[EventRounds "8"]
[EventCountry "SWE"]
[SourceTitle "CBM 209 Extra"]
[Source "ChessBase"]
[SourceDate "2022.09.30"]
[SourceVersion "1"]
[SourceVersionDate "2022.09.30"]
[SourceQuality "1"]

1. d4 Nf6 2. Nf3 g6 3. Bf4 d6 4. Nbd2 Bg7 5. c3 Nbd7 6. e3 0-0 7. Be2 a6 8. 0-0 b5 9. a4 c6 10. axb5 cxb5 11. Bxb5 Qb6 12. Bxd7 Bxd7 13. b3 Bg4 14. h3 Bd7 15. e4 Rfc8 16. Nc4 Qc7 17. e5 Ne8 18. exd6 Nxd6 19. Nxd6 exd6 20. Rc1 Bf8 21. c4 Qb7 22. d5 a5 23. Nd2 a4 24. bxa4 Rxa4 25. Rb1 Qc7 26. Qb3 Rxc4 27. Nxc4 Qxc4 28. Qxc4 Rxc4 29. Bg3 Bh6 30. Bxd6 Kg7 31. Rb7 Bf5 32. Be5+ Kf8 33. d6 Rc8 34. Rd1 Bg5 35. f4 Bd8 36. Ra1 Rc2 37. Ra8 Ke8 38. Rbb8 Kd7 39. Rxd8+ Ke6 40. Re8+ Kd5 41. Ra5+ Ke4 42. Ra4+ Ke3 43. Bd4+ Kd2 44. Be3+ Ke2 45. Re7 Be6 46. Rxe6 fxe6 47. d7 1-0